Engineering Chemistry/ (Record no. 207365)

MARC details
000 -LEADER
fixed length control field 00700nam a22002177a 4500
005 - DATE AND TIME OF LATEST TRANSACTION
control field 20241203142035.0
010 ## - LCCN (DPL NO)
LC control number ENG-142773
020 ## - INTERNATIONAL STANDARD BOOK NUMBER
Terms of availability 165.00
International Standard Book Number 9789364449113
035 ## - SYSTEM CONTROL NUMBER
System control number EN-126305
037 ## - SOURCE OF ACQUISITION
Source of stock number/acquisition DBAD
082 ## - DEWEY DECIMAL CLASSIFICATION NUMBER
Classification number 660
100 ## - MAIN ENTRY--PERSONAL NAME
Personal name Sivagurunathan, G.S.
245 ## - TITLE STATEMENT
Title Engineering Chemistry/
Statement of responsibility, etc by G.S. Sivagurunathan; S. Rekha [and] M. Sivaperumal
250 ## - EDITION STATEMENT
Edition statement 1
260 ## - PUBLICATION, DISTRIBUTION, ETC. (IMPRINT)
Place of publication, distribution, etc Chennai
Name of publisher, distributor, etc McGraw Hill Education Private Ltd
Date of publication, distribution, etc 2024
270 ## - ADDRESS
Address Anjana Complex, No. 5/90A, Butt Road, St Thomas Mount
City Chennai
Postal code 600016
300 ## - PHYSICAL DESCRIPTION
Extent vpp.
Dimensions 23cm(pb)
700 ## - ADDED ENTRY--PERSONAL NAME
Personal name S. Rekha
Relator term Author
9 (RLIN) 74591
700 ## - ADDED ENTRY--PERSONAL NAME
Personal name M. Sivaperumal
Relator term Author
9 (RLIN) 74592
942 ## - ADDED ENTRY ELEMENTS (KOHA)
Source of classification or shelving scheme Dewey Decimal Classification
Item type English Books
Call number suffix SIV
Classification part 660
Holdings
Withdrawn status Lost status Not for loan Collection code Home library Current library Date acquired Source of acquisition Cost, normal purchase price Full call number Barcode Copy number Cost, replacement price Koha item type
      Non-fiction Central Library Central Library 03/12/2024 Delivery of Books Act Division 165.00 SIV 660 EN-126305 1 165.00 English Books

© Delhi Public Library
Hit Counter
free hit counter